LEADER 01613nam1 2200457 450 001 990002685590203316 005 20051115132259.0 035 $a000268559 035 $aUSA01000268559 035 $a(ALEPH)000268559USA01 035 $a000268559 100 $a20051115d2004----km-y0itay50------ba 101 0 $aita 102 $aIT 105 $aa|||z|||001yy 200 1 $aItinerari ambientali e culturali a Mercato San Severino$fGiuseppe Rescigno 205 $a2. ed 210 $aMercato S. Severino$cAmministrazione Comunale$d2004 215 $a3 v.$cill.$d24 cm 300 $aIn cop.: Cittą di Mercato S. Severino, Assessorato alle politiche culturali; Lea, Laboratorio di educazione ambientale 300 $aIn custodia 410 0$12001 454 1 $12001 461 1$1001------$12001 463 \1$1001990002685630203316$12001 $a<<1.>> : Chiese, palazzi e giardini 463 \1$1001990002685670203316$12001 $a<<2.>> : <> quartieri di lignaggio 463 \1$1001990002685690203316$12001 $a<<3.>> : Arti e mestieri tra passato e presente 607 $aMercato San Severino$xStoria 610 $aMercato San Severino$xCultura e societą 676 $a945.7443 700 1$aRESCIGNO,$bGiuseppe$09792 801 0$aIT$bsalbc$gISBD 912 $a990002685590203316 951 $aV G 1230/$bL.M.$cV G 959 $aBK 969 $aUMA 979 $aPECORARO$b90$c20051115$lUSA01$h1147 979 $aPECORARO$b90$c20051115$lUSA01$h1302 979 $aPECORARO$b90$c20051115$lUSA01$h1322 996 $aItinerari ambientali e culturali a Mercato San Severino$91003205 997 $aUNISA LEADER 01736oam 2200457Ia 450 001 9910695852003321 005 20070531143954.0 035 $a(CKB)5470000002373271 035 $a(OCoLC)86070980 035 $a(EXLCZ)995470000002373271 100 $a20070319d2007 ua 0 101 0 $aeng 135 $aurmn||||||||| 181 $ctxt$2rdacontent 182 $cc$2rdamedia 183 $acr$2rdacarrier 200 10$aPliocene and Quaternary deposits in the northern part of the San Juan Basin in southwestern Colorado and northwestern New Mexico$b[electronic resource] /$fby Glenn R. Scott and David W. Moore 205 $aVersion 1.0. 210 1$aReston, Va. :$cU.S. Geological Survey,$d2007. 215 $avii, 13 pages $cdigital, PDF file 225 1 $aScientific investigations report ;$v2007-5006 300 $aTitle from title screen (viewed on May. 31, 2007). 320 $aIncludes bibliographical references. 606 $aSediments (Geology)$zSan Juan Basin (N.M. and Colo.) 606 $aGeology, Stratigraphic$yPliocene 606 $aGeology, Stratigraphic$yQuaternary 606 $aGlacial epoch$zSan Juan Basin (N.M. and Colo.) 615 0$aSediments (Geology) 615 0$aGeology, Stratigraphic 615 0$aGeology, Stratigraphic 615 0$aGlacial epoch 700 $aScott$b Glenn R.$f1918-2012.$01387152 701 $aMoore$b David W$g(David Warren)$057529 712 02$aGeological Survey (U.S.) 801 0$bGIS 801 1$bGIS 801 2$bGPO 906 $aBOOK 912 $a9910695852003321 996 $aPliocene and Quaternary deposits in the northern part of the San Juan Basin in southwestern Colorado and northwestern New Mexico$93543241 997 $aUNINA